00489nam a2200145Ia 4500008004100000041000800041082001200049100002000061245004500081260003800126300003200164365001100196999001700207952011900224240624s9999 xx 000 0 und d aeng a658 BAN aBANERJEE SUJAYA aSWITCH HOW 12 INDIAN COMPANIES MANAGED C c2014aNew DelhibBloomsbury India axiii, : 184 : p. : cm. ; 23 cRSb25 c23737d23737 00104070aIMTNbIMTNcRack 22-Ad2014-11-05eVBCg399.00o658 BANp23737r2024-06-24 00:00:00t1w2024-06-24yBK